000 00410nam a2200181Ia 4500
001 072484
003 YMCAF
005 20230512160803.0
008 100717s9999 ||||||||||||||||| ||und|d
024 _a72484
035 _a11947
040 _aYMCAF
_beng
_cIN-KoLT
041 _aeng
082 _a621.381
_b5 KAP.2
100 _aKAPOOR, V
245 0 _aANALOG ELCT ELETRONICS VOL-II MODULE 5
942 _2ddc
_cBK
999 _c6442
_d6442